Pasívne bankové operácie vo vzťahu ku klientom - podnikateľským subjektom a ich zobrazenie v účtovníctve podnikateľských subjektov bakalárska práca

Na minha lista:
Detalhes bibliográficos
Autor principal: Viglaš, Marián
Autor Corporativo: Fakulta hospodárskej informatiky EU. Katedra účtovníctva a audítorstva
Outros Autores: Kadlečíková, Oľga, 1973-
Formato: Livro
Idioma:eslovaco
Publicado em: Bratislava 2017
Tags: Adicionar Tag
Sem tags, seja o primeiro a adicionar uma tag!

MARC

LEADER 00000nbm a2200000 4500
001 0235513
005 20180412144154.8
041 0 |a slo 
044 |a SK 
245 1 0 |a Pasívne bankové operácie vo vzťahu ku klientom - podnikateľským subjektom a ich zobrazenie v účtovníctve podnikateľských subjektov  |b bakalárska práca  |c Marián Viglaš ; školiteľ: Oľga Kadlečíková 
264 1 |a Bratislava  |c 2017 
300 |a 43 s. 
100 1 |a Viglaš, Marián 
700 1 |a Kadlečíková, Oľga, 1973- 
710 2 |a Fakulta hospodárskej informatiky EU. Katedra účtovníctva a audítorstva